Zväz zasielateľov Slovenska zborník 1995

Bibliographic Details
Corporate Author: Zväz zasielateľov Slovenska Žilina, Slovensko (Author)
Format: Book
Language:Slovak
PhysicalDescription:36 s. grafy, tab. 21 cm
Published: Žilina Výtvarná agentúra A1 1996
ISBN:8096744917
Series:Zasielateľstvo - logistika - doprava
Subjects:

MARC

LEADER 00000nam a2200000 a 4500
001 vtls001182896
003 SK-MaSNL
005 20260301233926.0
008 240226s1996 xo a 000 0 slo
015 |a SNBE1996/0200841 
020 |a 8096744917 
035 |a SNK000125945 
035 |a urn:nbn:sk:snk-amkey7 
035 |a urn:nbn:sk:snk-am003wnc 
035 |a 73076AB5-871C-43E9-8CEB-9DFEA8632A2F 
040 |a SNK  |b slo  |c SNK  |e AACR2 
041 0 |a slo 
044 |a xo  |c SK 
080 |a 164:658.788:656.01(083.9)"1995"  |2 1981 
080 |a 658.788  |2 1981 
080 |a 656.01  |2 1981 
110 2 |a Zväz zasielateľov Slovenska Žilina, Slovensko  |4 aut  |9 629220 
245 1 0 |a Zväz zasielateľov Slovenska  |b zborník 1995 
260 |a Žilina  |b Výtvarná agentúra A1  |c 1996 
300 |a 36 s.  |b grafy, tab.  |c 21 cm 
490 1 |a Zasielateľstvo - logistika - doprava 
500 |a Vydavateľ: Zväz zasielateľov Slovenska, Žilina 
610 2 7 |a Zväz zasielateľov Slovenska ( Žilina, Slovensko)  |x logistika  |x doprava  |y 1995  |x spravodaje  |2 SNK  |9 629221 
655 7 |a informačné publikácie  |2 SNK  |9 70181 
710 0 |a Zväz zasielateľov Slovenska Žilina, Slovensko  |4 pbl  |9 629220 
830 0 |a Zasielateľstvo - logistika - doprava  |9 629222 
919 |a 80-967449-1-7 
958 |a TL 
958 |a BQ 
999 |c 968166  |d 970096 
952 |t P60, <09>, [BOOK], {629}  |a SNK  |b SNK  |y NEVYP  |7 0  |o snkC 505  |i snk995/960311  |0 0  |1 0  |4 0  |d 1996-03-06  |l 0  |r 2005-01-01 00:00:00  |w 2026-02-24 
952 |t P60, <03>, [BOOK], {603}  |a SNK  |b SNK  |y PREZ  |7 0  |p 17A0064159  |o snkSC 90148  |i snkKSP 2860/96  |0 0  |1 0  |4 0  |d 1996-03-06  |f 1  |l 0  |r 2025-09-09 00:00:00  |w 2026-02-24